Systems engineering : design principles and models

Saved in:
Bibliographic Details
Main Author Liu, Dahai (Author)
Format Electronic eBook
LanguageEnglish
Published Boca Raton : CRC Press, [2015]
Subjects
Online AccessFull text
ISBN9781482282467
9781466506831
Physical Description1 online zdroj : ilustrace

Cover

LEADER 00000cam a2200000 i 4500
001 111150
003 CZ-ZlUTB
005 20260603152933.0
006 m o d
007 cr unu||||||||
008 160324s2015 flua eop 001 0 eng d
020 |a 9781482282467 
020 |a 9781466506831 
020 |z 9781466506831 
035 |a (OCoLC)945554790  |z (OCoLC)919015248 
040 |a UMI  |b eng  |c UMI  |d OCLCF  |d KSU  |d EBLCP  |d DEBBG  |d MERUC  |d IDB  |d DEBSZ  |d YDXCP  |d NLGGC  |d CUV  |d CRCPR  |d N$T  |d IDEBK  |d OCLCQ  |d CEF  |d OCLCQ  |d UWO  |d YDX  |d TYFRS  |d UAB  |d OCLCQ  |d K6U  |d OCLCO  |d OCLCQ  |d SFB  |d INARC  |d OCLCQ  |d OCLCO  |d OCLCL  |e rda 
072 7 |a 005  |x Management. Řízení  |2 Konspekt  |9 4 
072 7 |a 37.016  |x Učební osnovy. Vyučovací předměty. Učebnice  |2 Konspekt  |9 22 
080 |a 001.2  |2 MRF 
080 |a 005.8  |2 MRF 
080 |a (0.034.2:08)  |2 MRF 
080 |a (075)  |2 MRF 
100 1 |a Liu, Dahai,  |e author. 
245 1 0 |a Systems engineering :  |b design principles and models /  |c Dahai Liu. 
264 1 |a Boca Raton :  |b CRC Press,  |c [2015] 
264 4 |c ©2015 
300 |a 1 online zdroj :  |b ilustrace 
336 |a text  |b txt  |2 rdacontent 
337 |a počítač  |b c  |2 rdamedia 
338 |a online zdroj  |b cr  |2 rdacarrier 
504 |a Obsahuje bibliografické odkazy a index. 
506 |a Plný text je dostupný pouze z IP adres počítačů Univerzity Tomáše Bati ve Zlíně nebo vzdáleným přístupem pro zaměstnance a studenty 
590 |a eBooks on EBSCOhost  |b All EBSCO eBooks 
650 0 7 |a systémové inženýrství  |7 ph116373  |2 czenas 
650 0 7 |a projektový management  |7 ph115894  |2 czenas 
650 0 9 |a systems engineering  |2 eczenas 
650 0 9 |a project management  |2 eczenas 
655 7 |a elektronické knihy  |7 fd186907  |2 czenas 
655 7 |a učebnice  |7 fd133770  |2 czenas 
655 9 |a electronic books  |2 eczenas 
655 9 |a textbooks  |2 eczenas 
776 0 8 |i Print version:  |a Liu, Dahai.  |t Systems engineering.  |d Boca Raton : CRC Press, [2016]  |z 9781466506831  |w (DLC) 2015003480  |w (OCoLC)907295232 
856 4 0 |u https://search.ebscohost.com/login.aspx?direct=true&scope=site&db=nlebk&AN=1366957&authtype=ip,shib&custid=s3936755 
942 |2 udc 
992 |c EBOOK-TN  |c EBSCO 
993 |x NEPOSILAT  |y EIZ 
999 |c 111150  |d 111150